000 00671nam a2200241 a 4500
001 52978
003 BD-RjUL
005 20211209075905.0
008 161002s2007 enk||||| |||| 001 0 eng d
020 _a8122420699
035 _a(BD-RjUL) 53098
040 _aBD-RjUL
_beng
_cBD-RjUL
_dBD-RjUL
041 _aeng
082 _223
_a519.72
_bMUO 2007
100 _aMurthy, P Rama
_9158356
245 1 0 _aOperations research /
_cP Rama Murthy
250 _a2nd ed.
260 _aNew Delhi :
_bNew Age International,
_c©2007.
300 _a705 p. ;
_c24 cm.
500 _aInclude index
650 _a Linear programming -- Study and teaching.
_9158357
942 _2ddc
_cBK
999 _c52978
_d52978